Espoo - Choix multiples - Statistiques

Statistiques générales
  • Ce quiz a été pris 14 fois
  • Le résultat moyen est 5 sur 10
Statistiques - réponses
Question Réponse % Correct
Lequel de ces jeux vidéo a été développé à Espoo ? Angry Birds
83%
Dans la banlieue de quelle ville Espoo se situe-t-elle ? Helsinki
75%
Quel est le nom suédois de la ville ? Esbo
67%
Qui décida la construction d'un manoir royal sur le territoire actuel de la ville, marquant sa fondation moderne ? Gustave Vasa de Suède
67%
Laquelle de ces entreprises a son siège social à Espoo ? Nokia
67%
Quelle grande route traverse Espoo depuis le XIIIe siècle ? La route royale
42%
Dans quel domaine l'université d'Aalto, basée à Espoo depuis 2010, est-elle particulièrement renommée ? Les sciences technologiques
42%
Quel célèbre youtubeur gaming français a un temps résidé à Espoo ? Benzaie
33%
Laquelle de ces infrastructures de transport Espoo n'accueille-t-elle pas ? Un aéroport
33%
Qu'était Espoo avant l'urbanisation massive qui a fait d'elle la deuxième ville de Finlande par la population ? Une paroisse rurale suédophone
33%
Aucun quiz correspondant
Distribution des résultats
% des personnes avec chaque résultat
Percentile par nombre de réponses
Votre historique - résultats
Vous n’avez pas pris ce quiz